000 00619nam a22001937a 4500
005 20260515120201.0
010 _aENG-148502
020 _a9789395481540
_c275.00
035 _aEN-132034
037 _bDBAD
082 _aN
100 _aSayed, Maaria
_989113
245 _aFrom Pashas to Pokemon /
_cMaaria Sayed
250 _a1st
260 _aPune, Maharashtra
_bVishwakarma Publications
_c2024
270 _a34A/1, Suyog Center, 7th Floor, Gultekadi Marketyard Road, Giridhar Bhavan Chowk,
_bPune, Maharashtra
_e411037
_k9168682200
_minfo@vpindia.co.in
300 _a191p.
_c22cm(pbk)
942 _2ddc
_cEN
_hN
_mSAY
999 _c216215
_d216215